Países que empiezan por P - Estadísticas

Estadísticas generales
  • Esta prueba ha sido intentada 231 veces
  • La puntuación promedio es 7 de 10
Estadísticas de respuestas
Respuesta % Correcto
Polonia
89%
Pakistán
87%
Panamá
87%
Portugal
86%
Palaos
83%
Perú
82%
Paraguay
77%
Papúa Nueva Guinea
65%
Países Bajos
47%
Palestina (Estado de)
1%
No se encontraron pruebas coincidentes
Distribución de puntuación
Porcentaje de gente con cada puntuación
Porcentaje por número respondido
Historial de tus puntuaciones
No has intentado esta prueba.